| Tag |
First Indicator |
Second Indicator |
Subfields |
| LEADER |
00000cam a2200000 i 4500 |
| 001 |
in00000807635 |
| 005 |
20151017092538.0 |
| 008 |
790301s1978 dcua f00010 eng d |
| 010 |
|
|
|a gp 79009483
|
| 020 |
|
|
|c $2.75 (pbk. :)
|
| 035 |
|
|
|9 ADS8189AM
|
| 037 |
|
|
|b 20402
|
| 040 |
|
|
|a GPO
|c GPO
|d MvI-ocm
|d MvI-ran
|d UtOrBLW
|
| 043 |
|
|
|a n-us---
|
| 074 |
|
|
|a 148-A
|
| 086 |
|
|
|a C 3.145/4:977/v.6/no.6
|
| 110 |
1 |
|
|a United States.
|b Bureau of the Census.
|
| 245 |
1 |
0 |
|a 1977 census of governments :
|b volume 6, topical studies : number 6, regional-organizations /
|c U.S. Department of Commerce, Bureau of the Census.
|
| 264 |
|
2 |
|a Washington :
|b The Bureau : for sale by the Supt. of Docs., U.S. Govt. Print. Off,
|c 1978.
|
| 300 |
|
|
|a 92 pages ;
|c 29 cm.
|
| 336 |
|
|
|a text
|b txt
|2 rdacontent
|
| 337 |
|
|
|a unmediated
|b n
|2 rdamedia
|
| 338 |
|
|
|a volume
|b nc
|2 rdacarrier
|
| 500 |
|
|
|a "GC77(6)-6."
|
| 500 |
|
|
|a Issued Aug. 1978.
|
| 500 |
|
|
|a Chiefly Tables.
|
| 650 |
|
0 |
|a Regional planning
|z United States.
|
| 740 |
|
|
|a Topical studies : number 6, regional organizatons.
|
| 740 |
|
|
|a Regional organizations.
|
| 999 |
|
|
|a MARS
|
| 999 |
f |
f |
|s 506941b1-fbb6-3e2b-a6f1-c91876342234
|i 58992c1d-9d7c-347a-9a63-a63dbbc514b9
|t 0
|
| 952 |
f |
f |
|p normal
|a Texas A&M University
|b College Station
|c Sterling C. Evans Library
|d Evans: US Documents (Annex 5th floor)
|t 0
|e C 3.145/4:977/v.6/no.6
|h Superintendent of Documents classification
|i unmediated -- volume
|m A14812778331
|
| 998 |
f |
f |
|a C 3.145/4:977/v.6/no.6
|t 0
|l Evans: US Documents (Annex 5th floor)
|